GROUPS - Harry Potter and the Deathly Hallows Part 1 - Statistics

General Stats
  • This quiz has been taken 176 times
    36 since last reset
  • The average score is 24 of 28
Answer Stats
Hint Answer % Correct
Deathly Hallows Cloak of Invisibility
100%
Deathly Hallows Elder Wand
100%
Who possessed Locket after Voldemort? Harry, Ron & Hermione
100%
6 Harrys Hermione Granger
100%
Who's already trapped in Malfoy Manor? Luna Lovegood
100%
Deathly Hallows Symbol appears Where? Outside Gregorovitch's Wand Shop
100%
6 Harrys Ron Weasley
100%
6 Harrys Fleur Delacour
96%
6 Harrys Fred Weasley
96%
6 Harrys George Weasley
96%
Items in Dumbledore's Will Golden Snitch
96%
Deathly Hallows Resurrection Stone
96%
Deathly Hallows Symbol appears Where? Page in Tales of Beedle the Bard
93%
Items in Dumbledore's Will Sword of Gryffindor
93%
Items in Dumbledore's Will The Tales of Beedle the Bard
93%
Who possessed Locket after Voldemort? Dolores Umbridge
89%
Deathly Hallows Symbol appears Where? Xenophilius's Necklace
89%
Who's already trapped in Malfoy Manor? Garrick Ollivander
85%
Who's already trapped in Malfoy Manor? Griphook
85%
6 Harrys Mundungus Fletcher
85%
Who possessed Locket after Voldemort? Mundungus Fletcher
85%
Items in Dumbledore's Will Deluminator
78%
Who possessed Locket after Voldemort? Regulus Arcturus Black
74%
Polyjuice into Ministry Reginald Cattermole
70%
Polyjuice into Ministry Albert Runcorn
59%
Polyjuice into Ministry Mafalda Hopkirk
59%
Deathly Hallows Symbol appears Where? Grave in Godrics Hallow
56%
Deathly Hallows Symbol appears Where? Dumbledore's Letter to Grindelwald
44%
No matching quizzes found
Score Distribution
Percent of People with Each Score
Percentile by Number Answered
Your Score History
You have not taken this quiz since the last reset